| 000 | 00506nam a22001817a 4500 | ||
|---|---|---|---|
| 003 | OSt | ||
| 005 | 20151130143739.0 | ||
| 008 | 151130b xxu||||| |||| 00| 0 eng d | ||
| 020 | _a0749427949 | ||
| 040 | _cDDC. | ||
| 082 | _a578KNA 2000. | ||
| 100 |
_aKnapper, K Christopher ;Cropley, J Authur. _96385 |
||
| 245 | _aLifelong Learning in Higher Education. | ||
| 300 |
_axvii,238; _bill; _c23cm |
||
| 504 | _aReferences and index are included. | ||
| 650 |
_aHigher education. _96386 |
||
| 942 |
_2ddc _cSLOAN |
||
| 999 |
_c2744 _d2744 |
||